| 000 | 00407nam a22001457a 4500 | ||
|---|---|---|---|
| 999 |
_c514043 _d514043 |
||
| 008 | 201003b ||||| |||| 00| 0 eng d | ||
| 100 |
_aSukumaran, C.V. _918214 |
||
| 245 | _aWhy the virus devastates China | ||
| 260 | _aMainstream | ||
| 300 | _a58(9), 15 Feb,2020: p. 21-22 | ||
| 650 |
_aCoronavirus , Epidemic, China _918164 |
||
| 700 |
_aMainstream _918165 |
||
| 906 | _aCOVID - 19 | ||
| 942 | _cAR | ||